000 01189aam a2200349 i 4500
999 _c69151
_d69151
001 69151
003 Mx-PuUPA
005 20240410104311.0
008 201126s2013 mx ||||gr|||| 00| f spa d
020 _a9786073114226
040 _aMx-PuUPA
_bspa
_cMx-PuUPA
_dMx-PuUPA
_erda
041 1 _aspa
_heng
100 1 _910928
_aPalacio, R. J.,
_eautor
240 1 0 _aWonder.
_lEspañol
245 1 3 _aLa lección de August /
_cR.J. Palacio ; traducción de Diego de los Santos Domingo
250 _aPrimera edición
264 4 _aCiudad de México :
_bPenguin Random House Grupo Editorial,
_c2018
300 _a413 páginas ;
_c21 cm
336 _2rdacontent
_atexto
_btxt
337 _2rdamedia
_asin medio
_bn
338 _2rdacarrier
_avolumen
_bnc
490 0 _aNube de tinta
650 4 _aAprobación de sí mismo
_vNovela
650 4 _aHermanos y hermanas
_vNovela
650 4 _aMateriales en español
700 1 _aSantos Domingo, Diego de los,
_etraductor
765 0 8 _aPalacio, R. J.,
_tWonder.
942 _2ddc
_cLI
_h813.61
_iP164